Pays qui possédaient Cordoue à travers l'histoire - Statistiques

Statistiques générales
  • Ce quiz a été pris 58 fois
  • Le résultat moyen est 7 sur 14
Statistiques - réponses
Période Pays % Correct
1700 - Aujourd'hui Espagne
100%
1498 - 1516 Monarchies espagnoles
100%
-27 - 395 Empire Romain
70%
929 - 1031 {Califat} de Cordoue
63%
1516 - 1700 Espagne des Habsbourgs
61%
750/756 - 929 {Émirat} de Cordoue
52%
1240 - 1498 Royaume de Castille
50%
418 - 720 Royaume Wisigoth
50%
-169 - -27 Republique Romaine
39%
395 - 418 Empire Romain d'Occident
37%
720 - 750/756 Califat Omeyyades
35%
1031 - 1240 {Taïfa} de Cordoue
22%
1148 - 1151 Almohades
17%
1548 - 1640 Union Ibérique
13%
Aucun quiz correspondant
Distribution des résultats
% des personnes avec chaque résultat
Percentile par nombre de réponses
Votre historique - résultats
Vous n’avez pas pris ce quiz